| 000 | 02170cam a2200337 a 4500 | ||
|---|---|---|---|
| 001 | 14536236 | ||
| 003 | AUA.1 | ||
| 005 | 20160209130355.0 | ||
| 008 | 060906s2006 ilua b 000 0 eng | ||
| 010 | _a 2006029582 | ||
| 020 | _a0802468691 | ||
| 020 | _a9780802468697 | ||
| 035 | _a(OCoLC)ocm71329833 | ||
| 040 |
_aDLC _cDLC _dIG# _dBAKER _dVPL _dBUR _dDLC |
||
| 050 | 0 | 0 |
_aHG179 _b.D373 2006 |
| 082 | 0 | 0 |
_a332.024/01 _222 |
| 100 | 1 |
_aDayton, Howard Lape, _d1943- _913168 |
|
| 245 | 1 | 0 |
_aYour money map : _ba proven 7-step guide to true financial freedom / _cHoward Dayton. |
| 260 |
_aChicago : _bMoody Publishers, _cc2006. |
||
| 300 |
_a252 p. : _bill. ; _c24 cm. |
||
| 504 | _aIncludes bibliographical references. | ||
| 505 | 0 | _aThe challenge -- The solution -- Your money map -- Who's the real owner? -- We are managers -- Giving -- Honesty -- It's time to party! -- What on earth am I here for? -- Making the most out of your job -- Destination 1 : saving for emergencies -- Destination 1 : your spending plan --Destination 2 : credit cards paid off -- Destination 3 : consumer debt paid off -- Destination 4 : saving for major purchases -- Saving to start your own business -- Destination 5 : your home and paying it off -- Destination 5 : investing -- Destination 6 : planning your estate -- This is a family trip! -- Eternity is forever -- Destination 7 : true financial freedom. | |
| 650 | 0 |
_aFinance, Personal _xReligious aspects _xChristianity. _913169 |
|
| 650 | 0 |
_aFinance, Personal _xBiblical teaching. _913170 |
|
| 856 | 4 | 1 |
_3Table of contents only _uhttp://www.loc.gov/catdir/toc/ecip0620/2006029582.html |
| 856 | 4 | 2 |
_3Contributor biographical information _uhttp://www.loc.gov/catdir/enhancements/fy0711/2006029582-b.html |
| 906 |
_a7 _bcbc _corignew _d1 _eecip _f20 _gy-gencatlg |
||
| 942 |
_2lcc _cBOOK _hHG 179 _i.D373 2006 |
||
| 999 |
_c3668 _d3668 |
||